Respuesta cultural frente al error en el contexto escolar /

Shranjeno v:
Bibliografske podrobnosti
Glavni avtor: Camacho Zamora, José A.
Format: Neznan
Jezik:Spanish
Oznake: Označite
Brez oznak, prvi označite!

MARC

LEADER 000000000a22000000004500
001 007298
041 0 |a spa 
100 1 |a Camacho Zamora, José A. 
245 1 0 |a Respuesta cultural frente al error en el contexto escolar /   |c José A. Camacho Zamora. 
310 |a semestral 
773 0 |d Heredia, Costa Rica : Instituto de Estudios Latinoamericanos (IDELA)  |t Repertorio Americano. Nueva Época  |g número 8 (1999), páginas 27-37 
942 |c ARC 
999 |c 13409  |d 13409